Paroles Nuits d'Arabie - Aladdin - Statistiques

Statistiques générales
  • Ce quiz a été pris 22 fois
    14 depuis la dernière actualisation
  • Le résultat moyen est 62 sur 97
Statistiques - réponses
Paroles % Correct
à
92%
à
92%
de
92%
de
92%
de
92%
et
92%
Et
92%
et
92%
je
92%
Moi
92%
moi !
92%
Ô
92%
Ô
92%
Au
83%
Au
83%
d'Arabie,
83%
d'Arabie
83%
des
83%
du
83%
est
83%
est
83%
la
83%
nuits
83%
nuits
83%
nuits
83%
ça ?
75%
C'est
75%
c'est
75%
C'est
75%
d'un
75%
jour !
75%
le
75%
Le
75%
le
75%
les
75%
Les
75%
les
75%
75%
Où,
75%
pays
75%
soleil
75%
soleil,
75%
caravanes
67%
en
67%
en
67%
l'Est,
67%
Mais,
67%
Mille
67%
plein
67%
Quand
67%
tapis
67%
une
67%
vent
67%
viens
67%
vient
67%
volant,
67%
chez
58%
d'or…
58%
eh,
58%
folies.
58%
infini,
58%
l'Ouest,
58%
se
58%
Vers
58%
bizarre
50%
d'amour,
50%
désert
50%
désert,
50%
Insomnie
50%
magie
50%
minuit,
50%
parfum
50%
Plus
50%
qui
50%
sables
50%
velours.
50%
chaude
42%
cœur
42%
dans
42%
envoûtant,
42%
l'amour !
42%
l'instant
42%
Pour
42%
serpents
42%
t'ensorcellent !
42%
Vole
42%
Fatal
33%
perd,
33%
Qu'au
33%
rêvent
33%
d'Orients !
25%
flânent.
25%
fou
25%
pendant
25%
s'endort
25%
sommeil,
25%
ton
25%
Aucun quiz correspondant
Distribution des résultats
% des personnes avec chaque résultat
Percentile par nombre de réponses
Votre historique - résultats
Vous n’avez pas pris ce quiz depuis la dernière actualisation